000 01489cam a22004094a 4500
001 data
005 20260322212102.0
008 data
035 _a14171588
906 _a7
_bcbc
_corignew
_d1
_eocip
_f20
_gy-gencatlg
925 0 _aacquire
_b1 shelf copy
_xpolicy default
925 1 _aacquire
_b2 shelf copies
_xpolicy default
955 _ejc41 2005-11-18 to Dewey
_fsc02 2007-09-02 Z-CipVer
_gsc02 2007-09-02 to BCCD
_txg22 2010-07-07 copy 2 added
010 _a 2005057231
016 7 _a101309495
_2DNLM
020 _a0841239274
_qalk. paper
020 _a9780841239272
_qalk. paper
035 _a(OCoLC)62331072
040 _aDLC
_cDLC
_dDLC
_dBTCTA
_dYDX
_dC#P
_dYDXCP
_dNLM
_dIXA
_dDLC
042 _apcc
050 0 0 _aRM300
_b.C36 2007
060 0 0 _a2007 G-404
060 1 0 _aQV 4
_bC236p 2007
082 0 0 _a615/.1024541
_222
100 1 _aCannon, Joseph G.,
_d1926-
245 1 0 _aPharmacology for chemists /
_cJoseph G. Cannon.
250 _a2nd ed.
260 _aNew York :
_aNew York :
_bOxford University Press,
_c2007.
300 _axv, 317 p. :
_bill. ;
_c25 cm.
336 _atext
_btxt
_2rdacontent
337 _aunmediated
_bn
_2rdamedia
338 _avolume
_bnc
_2rdacarrier
504 _aIncludes bibliographical references and index.
650 0 _aPharmacology.
650 1 2 _aPharmacology.
999 _c1482
_d1482